[Event "III DOLNOSLASKA LIGA SZACHOWA 2019/2020"]
[Site "Dolny Slask"]
[Date "1899-12-30"]
[Round "2.27"]
[White "Helaszek, Edward"]
[Black "Dzieczkaniec, Piotr"]
[Result "0-1"]
[WhiteTitle "k"]
[BlackTitle "I"]
[WhiteElo "2000"]
[BlackElo "1844"]

1. e4 c5 2. Nf3 Nc6 3. d4 cxd4 4. Nxd4 Nf6 5. Nc3 e5 6. Ndb5 d6 7. Bg5 a6 8. Na3
b5 9. Nd5 Qa5+ 10. Bd2 Qd8 11. c4 Nxd5 12. exd5 Nd4 13. cxb5 Qh4 14. Be3 Nf5 15.
Qd2 Be7 16. Be2 O-O 17. O-O Nxe3 18. fxe3 f5 19. Rf3 Qf6 20. Raf1 g5 21. g4 f4
22. R3f2 axb5 23. Nxb5 Bd8 24. exf4 Bb6 25. f5 e4 26. Qc3 Rxa2 27. Qxf6 Rxf6 28.
Nc3 Rxb2 29. Nxe4 Rf8 30. Kg2 Bxf2 31. Rxf2 Bb7 32. Bc4 Rb4 33. Nxd6 Rxc4 34.
Nxb7 Rxg4+ 35. Kh3 Rb4 36. Nc5 Rd8 37. f6 Rf4 38. Rxf4 gxf4 39. Kg4 Rxd5 0-1

[Event "III DOLNOSLASKA LIGA SZACHOWA 2019/2020"]
[Site "Dolny Slask"]
[Date "1899-12-30"]
[Round "2.28"]
[White "Drazek, Wladyslaw"]
[Black "Grossmann, Ryszard"]
[Result "0-1"]
[WhiteTitle "k"]
[BlackTitle "FM"]
[WhiteElo "1862"]
[BlackElo "1944"]

1. d4 c5 2. Nf3 cxd4 3. Nxd4 d5 4. e3 e5 5. Nf3 Nc6 6. Bb5 Bd6 7. Nc3 Nge7 8. O-O
Bc7 9. Ba4 h6 10. Bb3 Be6 11. e4 dxe4 12. Bxe6 exf3 13. Bh3 fxg2 14. Bxg2 O-O
15. Be3 Bb6 16. Qxd8 Rfxd8 17. Bxb6 axb6 18. Rad1 Rd4 19. a3 Rad8 20. Bf3 f5 21.
Nb5 Rxd1 22. Rxd1 e4 23. Be2 Rxd1+ 24. Bxd1 Kf7 25. c3 Kf6 26. Bb3 Ke5 27. Nc7
f4 28. Bf7 g5 29. h3 Nf5 30. b4 Nd6 31. Bg8 h5 32. a4 g4 33. hxg4 hxg4 34. Bd5
Ne7 35. Bb3 Ndf5 36. Ne6 e3 37. fxe3 Nxe3 38. Nd8 g3 0-1

[Event "III DOLNOSLASKA LIGA SZACHOWA 2019/2020"]
[Site "Dolny Slask"]
[Date "1899-12-30"]
[Round "2.29"]
[White "Szpinda, Piotr"]
[Black "Zak, Pawel"]
[Result "0-1"]
[WhiteTitle "I"]
[BlackTitle "I"]
[WhiteElo "1510"]
[BlackElo "1773"]

1. b4 d5 2. Bb2 Bg4 3. Nf3 Bxf3 4. gxf3 Qd6 5. a3 e5 6. h4 Nf6 7. e3 Nbd7 8. c4
c6 9. Qc2 Be7 10. d3 O-O 11. Nd2 a5 12. c5 Qc7 13. Rc1 axb4 14. axb4 Ra2 15. Ra1
Rxa1+ 16. Bxa1 Ra8 17. Bc3 b6 18. d4 exd4 19. Bxd4 bxc5 20. bxc5 Qa5 21. Bc3 Qxc5
22. Nb3 Qb6 23. Be2 c5 24. Kd2 Rb8 25. Bd1 Qd6 26. Ke1 Re8 27. Kf1 Bd8 28. Qf5
Bb6 29. Nd2 Qc6 30. Bxf6 Nxf6 31. Rg1 g6 32. h5 Qe6 33. Qxe6 Rxe6 34. f4 Kf8 35.
hxg6 hxg6 36. Bf3 d4 37. Nc4 Bc7 38. Rg5 Nd7 39. Rd5 Nb6 40. Rxc5 Nxc4 41. Rxc4
Bb6 42. exd4 Rf6 43. d5 g5 44. Rc6 Rxf4 45. Rxb6 Rxf3 46. Ke2 Rf5 47. Rb5 Ke8
48. Ke3 Kd7 49. f3 Kd6 50. Ke4 Rf4+ 51. Ke3 f5 52. Ra5 Rc4 53. Kd3 Rc5 54. Ra6+
Kxd5 55. Rg6 Ke5 56. Rxg5 Kf4 57. Rg8 Kxf3 58. Kd4 Ra5 59. Rf8 f4 60. Kd3 Re5
61. Kd2 Kg3 62. Rg8+ Kf2 63. Rf8 Rd5+ 0-1

[Event "III DOLNOSLASKA LIGA SZACHOWA 2019/2020"]
[Site "Dolny Slask"]
[Date "1899-12-30"]
[Round "2.30"]
[White "Tust-kopec, Dominika"]
[Black "Ogonowska, Katarzyna"]
[Result "0-1"]
[WhiteTitle "k"]
[BlackTitle "I++"]
[WhiteElo "1801"]
[BlackElo "1847"]

1. d4 d5 2. Nf3 Nf6 3. c4 dxc4 4. Qa4+ c6 5. Qxc4 b5 6. Qc2 g6 7. e4 Bg4 8. Nbd2
Bg7 9. h3 Be6 10. Be2 O-O 11. O-O Qc8 12. Ne5 Rd8 13. Ndf3 Qb7 14. Be3 Na6 15.
Qxc6 Rab8 16. a4 Nxe4 17. Bxb5 Nb4 18. Qxb7 Rxb7 19. Nc6 Nxc6 20. Bxc6 Bd5 21.
Bxb7 Bxb7 22. Rfc1 Nd6 23. Ne5 Bf6 24. Rc7 a6 25. b4 Be4 26. Rac1 Rb8 27. Ra7
Rxb4 28. Bh6 Rb8 29. Nc6 Re8 30. Rxa6 g5 31. Ne5 Nf5 32. Ng4 Bxd4 33. Ra5 f6 34.
Rd1 Rd8 35. Kf1 Kf7 36. h4 Nxh4 37. f3 Bc2 38. Rd2 Bb3 39. Bxg5 fxg5 40. Rxg5
Bc4+ 41. Ke1 Bc3 42. Rc5 Bxd2+ 43. Kf2 Be6 44. Ne5+ Kf6 45. Nc4 Bc3 46. Rc6 Bd4+
47. Kf1 Nf5 48. g4 Ne3+ 49. Nxe3 Bxe3 50. Ke2 Bf4 51. a5 Rd2+ 52. Ke1 Rd6 53.
Rc5 Ra6 0-1

[Event "III DOLNOSLASKA LIGA SZACHOWA 2019/2020"]
[Site "Dolny Slask"]
[Date "1899-12-30"]
[Round "3.1"]
[White "Dowgird, Filip"]
[Black "Pyka, Roman"]
[Result "1-0"]
[WhiteTitle "FM"]
[BlackTitle "k"]
[WhiteElo "2305"]
[BlackElo "1853"]

1. d4 d5 2. Bf4 Nf6 3. e3 Bf5 4. c4 c6 5. Nc3 e6 6. Qb3 Qb6 7. c5 Qxb3 8. axb3
Nbd7 9. b4 a6 10. b5 cxb5 11. Bxb5 Rc8 12. Bxd7+ Nxd7 13. Nf3 Be7 14. b4 O-O 15.
O-O f6 16. Rfc1 g5 17. Bg3 h5 18. h4 Kf7 19. b5 Bd3 20. bxa6 Bxa6 21. e4 g4 22.
Nd2 dxe4 23. Ncxe4 Bb5 24. Bd6 Bc6 25. Bxe7 Kxe7 26. Ng3 Rh8 27. Nc4 Nf8 28. Re1
Rd8 29. Nf5+ Kd7 30. Nfd6 Rh7 31. Ra7 Kc7 32. Rb1 Rb8 33. Na5 Rd7 34. Naxb7 Bxb7
35. Rbxb7+ Rxb7 36. Rxb7+ Kc6 37. Rb8 Ng6 38. g3 Ne7 39. Rb6+ Kd5 40. Ne8 Kxd4
41. Nxf6 Rc7 42. Rxe6 1-0

[Event "III DOLNOSLASKA LIGA SZACHOWA 2019/2020"]
[Site "Dolny Slask"]
[Date "1899-12-30"]
[Round "3.2"]
[White "Gromczak, Dariusz"]
[Black "Dobrowolski, Aleksander"]
[Result "1-0"]
[WhiteTitle "I+"]
[BlackTitle "m"]
[WhiteElo "1818"]
[BlackElo "2224"]

1. e4 c5 2. Nc3 Nc6 3. Bb5 Nd4 4. Nf3 Nxb5 5. Nxb5 d6 6. d4 Nf6 7. e5 dxe5 8. dxe5
Qa5+ 9. Nc3 Ne4 10. Qd3 Nxc3 11. Bd2 Qb5 12. Bxc3 Qxd3 13. cxd3 Bg4 14. Ke2 Rd8
15. Rhd1 e6 16. h3 Bh5 17. g4 Bg6 18. d4 c4 19. Ke3 Be7 20. Nd2 b5 21. a3 h5 22.
Rh1 hxg4 23. hxg4 Kd7 24. Bb4 Rxh1 25. Rxh1 Bxb4 26. axb4 Kc6 27. Ne4 Bxe4 28.
Kxe4 Kb6 29. Rh7 Rg8 30. f4 a5 31. bxa5+ Kxa5 32. f5 Kb4 33. d5 exd5+ 34. Kxd5
Kb3 35. Rh2 b4 36. e6 fxe6+ 37. fxe6 c3 38. bxc3 bxc3 39. e7 c2 40. Rh1 Kb2 41.
g5 Ra8 42. Ke6 c1=Q 43. Rxc1 Kxc1 44. Kf7 Kd2 1-0

[Event "III DOLNOSLASKA LIGA SZACHOWA 2019/2020"]
[Site "Dolny Slask"]
[Date "1899-12-30"]
[Round "3.3"]
[White "Pankiewicz, Tomasz"]
[Black "Szablewski, Krzysztof"]
[Result "1-0"]
[WhiteTitle "k"]
[BlackTitle "II"]
[WhiteElo "2230"]
[BlackElo "1839"]

1. d4 Nf6 2. c4 e6 3. Nc3 d5 4. cxd5 exd5 5. Bg5 Be7 6. e3 O-O 7. Bd3 Re8 8. Bxf6
Bxf6 9. Qh5 g6 10. Qxd5 c6 11. Qxd8 Bxd8 12. Nf3 Nd7 13. O-O-O Nf6 14. h3 Ba5
15. a3 Be6 16. b4 Bc7 17. Kb2 Bd5 18. Nxd5 cxd5 19. Rc1 Bd6 20. Nd2 Rad8 21. Nb1
Rc8 22. Rxc8 Rxc8 23. Nc3 Kf8 24. Rc1 Ke7 25. Nxd5+ 1-0

[Event "III DOLNOSLASKA LIGA SZACHOWA 2019/2020"]
[Site "Dolny Slask"]
[Date "1899-12-30"]
[Round "3.4"]
[White "Dudek, Wojciech"]
[Black "Grossmann, Ryszard"]
[Result "0-1"]
[WhiteTitle "I"]
[BlackTitle "FM"]
[WhiteElo "1832"]
[BlackElo "1944"]

1. b4 a5 2. b5 c5 3. c4 b6 4. e4 Bb7 5. Nc3 e6 6. Nf3 d6 7. Bb2 Nd7 8. Bd3 Ngf6
9. h3 Be7 10. O-O O-O 11. Bc2 Ne5 12. Nxe5 dxe5 13. Qe2 Nd7 14. Na4 Re8 15. Kh1
Qc7 16. Rad1 Nf8 17. Kh2 Ng6 18. g3 Rad8 19. Bc3 Bg5 20. Nb2 Rd7 21. Rde1 Bh6
22. Nd1 Nf8 23. Ne3 g6 24. Ng4 Bg7 25. Qe3 h5 26. Nh6+ Kh7 27. f4 Bxh6 28. Bxe5
Qxe5 29. fxe5 Bxe3 0-1

[Event "III DOLNOSLASKA LIGA SZACHOWA 2019/2020"]
[Site "Dolny Slask"]
[Date "1899-12-30"]
[Round "3.5"]
[White "Ogonowska, Katarzyna"]
[Black "Gruz, Ewa"]
[Result "1-0"]
[WhiteTitle "I++"]
[BlackTitle "I+"]
[WhiteElo "1847"]
[BlackElo "1474"]

1. e4 g6 2. c3 d6 3. d4 Bg7 4. Bd3 c5 5. dxc5 dxc5 6. Nf3 Qc7 7. O-O Nf6 8. Na3
a6 9. Bg5 Nbd7 10. Kh1 O-O 11. Qd2 e5 12. Rad1 b5 13. c4 b4 14. Nc2 Bb7 15. Ne3
Rfe8 16. Bc2 Nb6 17. Bxf6 Bxf6 18. b3 Rad8 19. Nd5 Qd6 20. Qe3 Bg7 21. Nxb4 Qf8
22. Rxd8 Rxd8 23. Nd5 Nd7 24. Ng5 Nb8 25. f4 exf4 26. Qxf4 Rd7 27. Qh4 h6 28.
Ne6 Qe8 29. Nxc5 Bxd5 30. exd5 Re7 31. Ne4 f5 32. Nd6 Qd7 33. Qg3 Be5 34. Qxg6+
Rg7 35. Qh5 Bxd6 36. Bxf5 Qe7 37. Be6+ Kh8 38. h3 Qg5 39. Qe8+ Rg8 40. Qxg8+ Qxg8
41. Bxg8 Kxg8 42. Rf6 Bf8 43. Rb6 Nd7 44. Rxa6 Nc5 45. Ra8 Kf7 46. b4 Nd7 47.
c5 Ne5 48. c6 Bd6 49. c7 Bxc7 50. Ra7 1-0

[Event "III DOLNOSLASKA LIGA SZACHOWA 2019/2020"]
[Site "Dolny Slask"]
[Date "1899-12-30"]
[Round "3.6"]
[White "Balinski, Damian"]
[Black "Mielczarek, Daniel"]
[Result "1/2-1/2"]
[WhiteTitle "k"]
[BlackTitle "I"]
[WhiteElo "2141"]
[BlackElo "1912"]

1. d4 Nf6 2. c4 e6 3. Nf3 b6 4. g3 Bb4+ 5. Nbd2 Bb7 6. Bg2 Ne4 7. O-O Nxd2 8. Bxd2
Bxd2 9. Qxd2 O-O 10. Rfe1 f5 11. d5 c5 12. Rad1 Na6 13. dxe6 dxe6 14. Qd7 Qxd7
15. Rxd7 Bc6 16. Rd6 Bxf3 17. exf3 Nc7 18. f4 Rae8 19. a3 Kf7 20. b4 cxb4 21.
axb4 Re7 22. Ra1 Ne8 23. Rc6 Nf6 24. c5 bxc5 25. bxc5 Rd8 26. Rca6 Rdd7 27. Ba8
Rc7 28. Rc1 Re8 29. Bf3 Rec8 30. c6 Nd5 31. Rc5 Nf6 32. Rca5 Ra8 33. Ra1 Ke7 34.
Rb1 Kd6 35. Rd1+ Ke7 36. Re1 g6 37. Ra2 Kf7 38. Rb2 Re8 39. Rb7 Ree7 40. Reb1
Ne8 41. Rd1 Nf6 42. Rdb1 Ne8 43. Rb8 Nd6 44. Rh8 Kf6 45. Rbb8 Rf7 46. Kg2 Ke7
47. Rb7 Kf6 48. Rbb8 Ne4 49. Rhc8 e5 50. Rxc7 Rxc7 51. Rb7 Rxc6 52. Bxe4 fxe4
53. fxe5+ Kxe5 54. Rxa7 h5 55. h4 Rc2 56. Ra8 Rb2 57. Rd8 Ra2 58. Rf8 Ra1 59.
Re8+ Kf5 60. Rb8 Ra2 61. Rb5+ Kf6 62. Kf1 Ke6 63. Ke1 Rc2 64. Rg5 Kf6 65. Rd5
Ra2 66. Rg5 Rb2 67. Ra5 Rc2 68. Rb5 Ra2 69. Rd5 Rb2 70. Rd2 Rxd2 71. Kxd2 Ke6
72. Ke2 Kf6 73. Kd2 Ke6 74. Ke2 Kf6 75. Kd2 1/2-1/2

[Event "III DOLNOSLASKA LIGA SZACHOWA 2019/2020"]
[Site "Dolny Slask"]
[Date "1899-12-30"]
[Round "3.7"]
[White "Dzieczkaniec, Piotr"]
[Black "Kossobudzki, Robert"]
[Result "0-1"]
[WhiteTitle "I"]
[BlackTitle "I"]
[WhiteElo "1844"]
[BlackElo "2116"]

1. e4 c5 2. Nf3 a6 3. Nc3 e6 4. d4 cxd4 5. Nxd4 Qc7 6. Be3 Bb4 7. Qd2 Nf6 8. Bd3
d5 9. exd5 Nxd5 10. Nde2 Nc6 11. O-O O-O 12. Nxd5 exd5 13. c3 Bd6 14. f4 Re8 15.
Kh1 Bg4 16. Nd4 Na5 17. h3 Bd7 18. b3 Rac8 19. Rac1 b5 20. Qf2 Nb7 21. b4 Bf8
22. Nf5 Bxf5 23. Bxf5 Ra8 24. Bd4 Nd6 25. Bd3 Ne4 26. Bxe4 Rxe4 27. Rce1 Rae8
28. Be5 Qc4 29. Rxe4 dxe4 30. Re1 f6 31. Bd4 Bd6 32. g3 f5 33. Qe2 Rc8 34. Qxc4+
Rxc4 35. Rd1 g5 36. Kg2 gxf4 37. gxf4 Bxf4 38. Rf1 Bd2 39. Rxf5 Bxc3 40. Bxc3
Rxc3 41. a4 bxa4 42. Ra5 a3 43. Rxa6 Kf7 44. b5 Ke7 45. Rh6 a2 46. Rxh7+ Kd6 47.
Ra7 Rc2+ 48. Kg3 e3 49. Ra6+ Kc7 50. Ra7+ Kb6 51. Ra6+ Kxb5 52. Ra8 e2 53. Rb8+
Kc6 54. Rc8+ Kd7 55. Rxc2 e1=Q+ 0-1

[Event "III DOLNOSLASKA LIGA SZACHOWA 2019/2020"]
[Site "Dolny Slask"]
[Date "1899-12-30"]
[Round "3.8"]
[White "Grzesik, Norbert"]
[Black "Zak, Pawel"]
[Result "1-0"]
[WhiteTitle "I++"]
[BlackTitle "I"]
[WhiteElo "2015"]
[BlackElo "1773"]

1. e4 c5 2. Nf3 d6 3. d4 cxd4 4. Nxd4 Nf6 5. Nc3 g6 6. f3 Bg7 7. Be3 O-O 8. g4
Nc6 9. Qd2 Bd7 10. O-O-O Rc8 11. h4 a6 12. h5 b5 13. Nd5 Nxd5 14. exd5 Nxd4 15.
Bxd4 Bxd4 16. Qxd4 Qc7 17. Bd3 Be8 18. hxg6 fxg6 19. Rxh7 e5 20. Rxc7 Rxc7 21.
Qb6 1-0

[Event "III DOLNOSLASKA LIGA SZACHOWA 2019/2020"]
[Site "Dolny Slask"]
[Date "1899-12-30"]
[Round "3.9"]
[White "Kwasnicki, Andrzej"]
[Black "Krosny, Miroslaw"]
[Result "1/2-1/2"]
[WhiteTitle "II"]
[BlackTitle "I"]
[WhiteElo "1678"]
[BlackElo "1997"]

1. e4 e5 2. Nf3 Nc6 3. Nc3 Bc5 4. Nxe5 Bxf2+ 5. Kxf2 Nxe5 6. d4 Ng6 7. Bc4 d6 8.
Rf1 N8e7 9. Kg1 O-O 10. Bg5 c6 11. Qf3 Be6 12. Bxe6 fxe6 13. Qg4 Rxf1+ 14. Rxf1
Qc8 15. h4 e5 16. Qf3 Qe8 17. d5 h6 18. Bxe7 Qxe7 19. g3 Rf8 20. Qg4 Rxf1+ 21.
Kxf1 Qf7+ 22. Ke2 h5 23. Qc8+ Nf8 24. Qd8 Qd7 25. Qg5 Qg4+ 26. Qxg4 hxg4 27. Nd1
Nd7 28. Ne3 Nf6 29. Kd3 Kf8 30. c4 g6 31. b4 Ke7 32. c5 Kd7 33. dxc6+ bxc6 34.
cxd6 Kxd6 35. Nc4+ Ke6 36. Na5 Kd7 37. Nc4 Ke6 1/2-1/2

[Event "III DOLNOSLASKA LIGA SZACHOWA 2019/2020"]
[Site "Dolny Slask"]
[Date "1899-12-30"]
[Round "3.10"]
[White "Woznica, Alicja"]
[Black "Tust-kopec, Dominika"]
[Result "0-1"]
[WhiteTitle "II+"]
[BlackTitle "k"]
[WhiteElo "1117"]
[BlackElo "1801"]

1. e4 e5 2. Nf3 Nc6 3. Bb5 a6 4. Ba4 Nf6 5. O-O b5 6. Bb3 Be7 7. Re1 d6 8. c3 Na5
9. Bc2 c5 10. d4 Nc6 11. d5 Nb8 12. Be3 Ng4 13. h3 Nxe3 14. Rxe3 O-O 15. Nbd2
Nd7 16. Nf1 Nb6 17. b3 f5 18. exf5 Bxf5 19. Bxf5 Rxf5 20. Ng3 Rf7 21. Ne4 h6 22.
Qd2 a5 23. Nxc5 dxc5 24. Nxe5 Bg5 25. Nxf7 Bxe3 26. Qxe3 Kxf7 27. Qe6+ Kf8 28.
Qxb6 0-1

[Event "III DOLNOSLASKA LIGA SZACHOWA 2019/2020"]
[Site "Dolny Slask"]
[Date "1899-12-30"]
[Round "3.11"]
[White "Markowski, Piotr"]
[Black "Luberanski, Jakub"]
[Result "1/2-1/2"]
[WhiteTitle "k"]
[BlackTitle "I++"]
[WhiteElo "2070"]
[BlackElo "2015"]

1. c4 Nf6 2. Nc3 g6 3. g3 Bg7 4. Bg2 O-O 5. Nf3 d6 6. O-O Nc6 7. Rb1 a5 8. a3 e5
9. d3 Re8 10. e4 Bg4 11. h3 Bxf3 12. Bxf3 Nd4 13. Bg2 c6 14. Be3 Nd7 15. Ne2 Nc5
16. b4 axb4 17. axb4 Nce6 18. Bxd4 Nxd4 19. Nxd4 exd4 20. b5 Qc7 21. Qb3 Ra5 22.
bxc6 bxc6 23. Qb6 Qxb6 24. Rxb6 Ra3 25. Rd1 Rc8 26. e5 dxe5 27. Bxc6 Rc7 28. g4
Bh6 29. Be4 Bf4 30. Rdb1 Kf8 31. R6b5 Ke7 32. Rb7 Ra7 33. Rxa7 Rxa7 34. c5 h6
35. c6 Kd6 36. Rb7 Rxb7 37. cxb7 Kc7 38. Kf1 f5 39. gxf5 gxf5 40. Bg2 Bg5 41.
Ke2 Bh4 42. f4 Bg3 43. fxe5 Bxe5 44. Kd1 1/2-1/2

[Event "III DOLNOSLASKA LIGA SZACHOWA 2019/2020"]
[Site "Dolny Slask"]
[Date "1899-12-30"]
[Round "3.12"]
[White "Dytman, Radoslaw"]
[Black "Witkowski, Krzysztof"]
[Result "1/2-1/2"]
[WhiteTitle "I"]
[BlackTitle "I"]
[WhiteElo "1758"]
[BlackElo "1743"]

1. Nf3 d5 2. g3 e6 3. Bg2 c6 4. d3 Bd6 5. O-O Nf6 6. b3 O-O 7. Bb2 Nbd7 8. c4 Qc7
9. Nbd2 Re8 10. e4 dxe4 11. dxe4 e5 12. Qc2 b6 13. Bc3 a5 14. a3 c5 15. Rfd1 Nb8
16. Nf1 Nc6 17. Ne3 Bg4 18. Nd5 Nxd5 19. cxd5 Na7 20. Nd2 Nb5 21. Bb2 Rad8 22.
Nc4 Nd4 23. Bxd4 cxd4 24. Rdc1 Bc5 25. Qd2 Qe7 26. Rcb1 Ra8 27. Ra2 f6 28. Rc2
Qa7 29. Bf1 Bd7 30. b4 axb4 31. axb4 Bf8 32. Rbc1 Rec8 33. Kh1 b5 34. Nb2 Qa3
35. Nd3 Rxc2 36. Rxc2 Rc8 37. Ra2 Qc3 38. Kg2 Qxd2 1/2-1/2

[Event "III DOLNOSLASKA LIGA SZACHOWA 2019/2020"]
[Site "Dolny Slask"]
[Date "1899-12-30"]
[Round "3.13"]
[White "Murawski, Eugeniusz"]
[Black "Zerebiec, Maurycy"]
[Result "0-1"]
[WhiteTitle "I+"]
[BlackTitle "I"]
[WhiteElo "1831"]
[BlackElo "1825"]

1. e4 e6 2. d4 d5 3. Nd2 dxe4 4. Nxe4 Nd7 5. Nf3 Ngf6 6. Bd3 Be7 7. O-O O-O 8.
Qe2 b6 9. Rd1 Bb7 10. Bg5 Nxe4 11. Bxe7 Qxe7 12. Bxe4 Bxe4 13. Qxe4 Rfd8 14. Ne5
Nxe5 15. dxe5 c5 16. f4 Rac8 17. c4 Rc7 18. Kf1 Rcd7 19. Rxd7 Qxd7 20. Qe2 Qd2
21. g3 Rd4 22. b3 h6 23. Rb1 g5 24. Rb2 Qxe2+ 25. Rxe2 gxf4 26. gxf4 Rxf4+ 27.
Kg2 Rd4 28. Kf3 f5 29. exf6 Kf7 30. Ke3 Kxf6 31. Rf2+ Ke5 32. Rf3 Re4+ 33. Kd3
Rh4 34. h3 Rf4 35. Rg3 Rf2 36. Re3+ Kf5 37. a3 a5 38. a4 e5 39. h4 e4+ 40. Rxe4
Rd2+ 41. Ke3 Re2+ 42. Kxe2 Kxe4 43. h5 Kf4 44. Kd3 Kf3 45. Kd2 Kg4 46. Ke3 Kxh5
47. Kf4 Kg6 48. Ke5 h5 49. Kd6 h4 50. Kc6 h3 51. Kxb6 h2 52. Kxc5 h1=Q 53. Kb5
Qb1 54. Kxa5 Qxb3 55. c5 Qb7 0-1

[Event "III DOLNOSLASKA LIGA SZACHOWA 2019/2020"]
[Site "Dolny Slask"]
[Date "1899-12-30"]
[Round "3.14"]
[White "Starosciak, Szymon"]
[Black "Matela, Krzysztof"]
[Result "1-0"]
[WhiteTitle "I"]
[BlackTitle "I"]
[WhiteElo "1703"]
[BlackElo "1689"]

1. e4 c5 2. Nf3 d6 3. d4 cxd4 4. Nxd4 a6 5. Nc3 e6 6. Be2 Nf6 7. O-O b5 8. Bf3
e5 9. Nb3 Bb7 10. Bg5 Nbd7 11. a4 b4 12. Nd5 Bxd5 13. exd5 h6 14. Bxf6 Nxf6 15.
a5 Qc7 16. Ra4 Rb8 17. Qe2 Qb7 18. Nd4 Nxd5 19. Qc4 Qd7 20. Bxd5 Rc8 21. Bc6 Kd8
22. Qd5 Qc7 23. Bb7 exd4 24. Bxc8 Qxc8 25. Rxb4 Qc5 26. Rb8+ Kd7 27. Qxf7+ Be7
28. Rxh8 Qxa5 29. Re8 Qe5 30. Rxe7+ Qxe7 31. Qxe7+ 1-0

[Event "III DOLNOSLASKA LIGA SZACHOWA 2019/2020"]
[Site "Dolny Slask"]
[Date "1899-12-30"]
[Round "3.15"]
[White "Zielezinska, Zuzanna"]
[Black "Janikowska, Wiktoria"]
[Result "1/2-1/2"]
[WhiteTitle "II"]
[BlackTitle "I"]
[WhiteElo "1134"]
[BlackElo "1355"]

1. b3 e5 2. Bb2 Nc6 3. e4 Nf6 4. d3 d5 5. Nd2 Bb4 6. c3 Bc5 7. Ngf3 O-O 8. Be2
Qe7 9. Qc2 dxe4 10. Nxe4 Nxe4 11. dxe4 f5 12. Bd3 f4 13. O-O-O Bg4 14. Qe2 a5
15. h3 Bh5 16. Bb5 Kh8 17. Rd5 Bd6 18. Rhd1 Rfd8 19. g4 fxg3 20. fxg3 Bxf3 21.
Qxf3 Qg5+ 22. Kb1 Rf8 23. Qg4 Qxg4 24. hxg4 Rf3 25. R5d3 Raf8 26. Bxc6 bxc6 27.
Kc2 Rf2+ 28. R1d2 Kg8 29. Rxf2 Rxf2+ 30. Rd2 Bc5 31. b4 Rxd2+ 32. Kxd2 axb4 33.
cxb4 Bxb4+ 34. Kd3 Kf7 35. Bxe5 Ba5 36. a4 g6 37. Bc3 Bb6 38. a5 Ba7 39. a6 Ke6
40. Kc4 Kd6 41. e5+ Ke6 42. Bd4 Bb8 43. Kc5 Ba7+ 44. Kc4 Bb8 45. Kc5 Ba7+ 46.
Kc4 Bb8 1/2-1/2

[Event "III DOLNOSLASKA LIGA SZACHOWA 2019/2020"]
[Site "Dolny Slask"]
[Date "1899-12-30"]
[Round "3.16"]
[White "Osinski, Emil"]
[Black "Sernecki, Franciszek"]
[Result "1-0"]
[WhiteTitle "k"]
[BlackTitle "I++"]
[WhiteElo "2137"]
[BlackElo "2276"]

1. e4 e6 2. d3 d5 3. Nd2 Nf6 4. g3 dxe4 5. dxe4 e5 6. Ngf3 Bc5 7. Bg2 Nc6 8. h3
O-O 9. O-O b6 10. Nb3 Bd6 11. Re1 a5 12. a4 Ba6 13. Nh4 Qc8 14. Bg5 Qe6 15. Qf3
Ne8 16. Nf5 f6 17. Bd2 Rd8 18. Rad1 g6 19. h4 Nb4 20. Ne3 Nd3 21. cxd3 Qxb3 22.
Bc3 Bc5 23. h5 Qxa4 24. Bh3 Qc6 25. hxg6 hxg6 26. Nd5 Qd6 27. d4 Bxd4 28. Bxd4
exd4 29. Rxd4 c6 30. Red1 Kg7 31. Nf4 1-0

[Event "III DOLNOSLASKA LIGA SZACHOWA 2019/2020"]
[Site "Dolny Slask"]
[Date "1899-12-30"]
[Round "3.17"]
[White "Frej, Zofia"]
[Black "Bes, Michal"]
[Result "1/2-1/2"]
[WhiteTitle "k+"]
[BlackTitle "k"]
[WhiteElo "1987"]
[BlackElo "2099"]

1. e4 e5 2. Nf3 Nc6 3. Bc4 Bc5 4. c3 Nf6 5. d3 d6 6. O-O a6 7. Bb3 Ba7 8. Nbd2
O-O 9. Re1 Ng4 10. Re2 Ne7 11. d4 Ng6 12. Nf1 Qe7 13. Ng3 Be6 14. h3 Nf6 15. Bc2
c6 16. Bg5 h6 17. Be3 Rfe8 18. Bd3 Qc7 19. Qc2 b5 20. Rd2 Bb6 21. Re1 a5 22. b3
a4 23. b4 Red8 24. Qc1 Rac8 25. Rb2 Qa7 26. Rd2 Qc7 1/2-1/2

[Event "III DOLNOSLASKA LIGA SZACHOWA 2019/2020"]
[Site "Dolny Slask"]
[Date "1899-12-30"]
[Round "3.18"]
[White "Walentukiewicz, Michal"]
[Black "Mazurek, Bartosz"]
[Result "1-0"]
[WhiteTitle "CM"]
[BlackTitle "I"]
[WhiteElo "2039"]
[BlackElo "1929"]

1. c4 e6 2. g3 d5 3. Bg2 Nf6 4. Nf3 Be7 5. O-O O-O 6. Qc2 b6 7. cxd5 exd5 8. d4
Bb7 9. Nc3 c5 10. Rd1 Nbd7 11. Bf4 a6 12. Rac1 c4 13. b3 Rc8 14. bxc4 Rxc4 15.
Ne5 Nxe5 16. dxe5 Ne8 17. Qd3 b5 18. Nxd5 Bxd5 19. Bxd5 Rxc1 20. Rxc1 Nc7 21.
Bb3 Ne6 22. Bxe6 fxe6 23. Rc6 Qxd3 24. exd3 Kf7 25. Rxa6 Rd8 26. Ra7 Kf8 27. Rxe7
Kxe7 28. Bg5+ Kd7 29. Bxd8 Kxd8 30. f4 Kc7 31. Kf2 Kb6 32. Ke3 Kc5 33. d4+ Kc4
34. f5 1-0

[Event "III DOLNOSLASKA LIGA SZACHOWA 2019/2020"]
[Site "Dolny Slask"]
[Date "1899-12-30"]
[Round "3.19"]
[White "Wieczorek, Mikolaj"]
[Black "Wielosz, Jaroslaw"]
[Result "0-1"]
[WhiteTitle "I"]
[BlackTitle "I++"]
[WhiteElo "1837"]
[BlackElo "1984"]

1. e4 d6 2. d4 g6 3. c4 e5 4. Nf3 exd4 5. Qxd4 Nf6 6. Bg5 Bg7 7. e5 dxe5 8. Qxe5+
Qe7 9. Qxe7+ Kxe7 10. Nc3 c6 11. O-O-O h6 12. Bf4 Rd8 13. Rxd8 Kxd8 14. c5 Be6
15. Be2 Nbd7 16. Rd1 Nd5 17. Nxd5 cxd5 18. Bd6 Nxc5 19. Bxc5 Rc8 20. b4 b6 21.
Ba6 Rc7 22. Nd4 Bxd4 23. Rxd4 bxc5 24. bxc5 Rxc5+ 25. Kb2 Ra5 26. Bd3 Kc7 27.
f4 Kd6 28. f5 gxf5 29. Rh4 d4 30. a3 Ke5 31. Rxh6 Rc5 32. Rh5 Kf4 33. Rh4+ Ke3
34. Rh3+ Kd2 35. Rg3 f4 36. Rf3 Bd5 37. Rxf4 Kxd3 38. h4 Rc2+ 39. Kb1 Rxg2 40.
h5 Rh2 0-1

[Event "III DOLNOSLASKA LIGA SZACHOWA 2019/2020"]
[Site "Dolny Slask"]
[Date "1899-12-30"]
[Round "3.20"]
[White "Rogacka, Natalia"]
[Black "Skiba, Aleksandra"]
[Result "1/2-1/2"]
[WhiteTitle "I"]
[BlackTitle "I++"]
[WhiteElo "1621"]
[BlackElo "1812"]

1. e4 e6 2. d4 d5 3. exd5 exd5 4. Nf3 Bd6 5. Nc3 Ne7 6. Be3 c6 7. h3 Bf5 8. Bd3
O-O 9. Qd2 Bxd3 10. Qxd3 Nd7 11. O-O-O b5 12. Ne2 a5 13. Ng5 Nf6 14. f4 b4 15.
g4 Qb6 16. Ng3 Qa6 17. Nf5 Qxd3 18. Nxe7+ Bxe7 19. Rxd3 a4 20. Re1 Bd6 21. Bd2
Rfe8 22. Rde3 Rxe3 23. Bxe3 Re8 24. Kd1 h5 25. Nf3 hxg4 26. Ne5 gxh3 27. Rh1 Bxe5
28. dxe5 Ng4 29. Rxh3 Nxe3+ 30. Rxe3 Kf8 31. Kd2 Ke7 32. c3 Rb8 33. Kd3 Ke6 34.
Kd4 Rb5 35. c4 dxc4 36. Kxc4 Kf5 37. Rf3 Ke4 38. Rf1 g6 39. Rf2 Ke3 40. Rf1 Ke2
41. Rh1 Kf3 42. Rf1+ Ke3 43. f5 Rxe5 44. fxg6 fxg6 45. Kxb4 Rb5+ 46. Kc3 g5 47.
Rf6 g4 48. Rg6 Kf3 49. Rf6+ Kg2 50. Rxc6 g3 51. b3 axb3 52. axb3 Rg5 53. Kd3 Kf3
54. Rf6+ Kg4 55. Ke3 Rb5 56. Rf4+ Kh3 57. b4 Kh2 58. Rh4+ Kg1 59. Rg4 g2 60. Kd3
Kf2 61. Kc4 Rf5 62. b5 g1=Q 63. Rxg1 Kxg1 64. b6 Rf8 65. Kc5 Kf2 66. Kc6 Rf6+
67. Kc7 Rf3 68. b7 1/2-1/2

[Event "III DOLNOSLASKA LIGA SZACHOWA 2019/2020"]
[Site "Dolny Slask"]
[Date "1899-12-30"]
[Round "3.21"]
[White "Luba, Lukasz"]
[Black "Daniel, Damian"]
[Result "0-1"]
[WhiteTitle "I++"]
[BlackTitle "k"]
[WhiteElo "2178"]
[BlackElo "2195"]

1. e3 Nf6 2. d4 g6 3. Bd3 d6 4. c4 Bg7 5. Nc3 O-O 6. Nge2 e5 7. d5 c6 8. e4 cxd5
9. cxd5 a5 10. Bg5 Nbd7 11. Rc1 Nc5 12. Bb1 Bd7 13. Qd2 b5 14. f3 b4 15. Nd1 Bb5
16. O-O Qb6 17. Rf2 Nfd7 18. g4 Bf6 19. Bxf6 Nxf6 20. Ng3 Ne8 21. Ne3 Qd8 22.
Ng2 Ra7 23. h4 f6 24. h5 g5 25. Nf5 Ng7 26. Nge3 Nxf5 27. Nxf5 Qb6 28. Qe3 Rc8
29. Kh2 Kf8 30. Ng3 Rac7 31. h6 Na4 32. Rxc7 Rxc7 33. Qd2 Bd7 34. Nh5 Ke7 35.
Kg2 Qc5 36. Nxf6 Kxf6 37. f4 gxf4 38. Rxf4+ Kg6 39. Rf5 Qc1 40. Qf2 Qxb2 41. Rf6+
Kg5 0-1

[Event "III DOLNOSLASKA LIGA SZACHOWA 2019/2020"]
[Site "Dolny Slask"]
[Date "1899-12-30"]
[Round "3.22"]
[White "Dzikowski, Michal"]
[Black "Laszewicz, Pawel"]
[Result "0-1"]
[WhiteTitle "k"]
[BlackTitle "k"]
[WhiteElo "2136"]
[BlackElo "2150"]

1. d4 Nf6 2. c4 b6 3. Nf3 Bb7 4. g3 g6 5. Bg2 Bg7 6. O-O O-O 7. Nc3 Ne4 8. Qd3
Nxc3 9. Qxc3 c5 10. Be3 Qc7 11. Rac1 Bxf3 12. Bxf3 Nc6 13. Bxc6 dxc6 14. Rfd1
Rad8 15. b4 cxd4 16. Rxd4 c5 17. Rxd8 Bxc3 18. Rxf8+ Kxf8 19. Rxc3 cxb4 20. Rc1
a5 21. c5 bxc5 22. Rxc5 Qd8 23. Bh6+ Ke8 24. Bf4 f6 25. Kg2 a4 26. Rb5 b3 27.
axb3 Qa8+ 28. f3 a3 29. Bc1 a2 30. Bb2 a1=Q 31. Bxa1 Qxa1 32. Rb8+ Kf7 33. b4
Qe5 0-1